Govt. of
Madhya Pradesh

India Wrests Her Freedom (Record no. 15915)

MARC details
000 -LEADER
fixed length control field 004810000a22001930004500
001 - CONTROL NUMBER
control field 004023
003 - CONTROL NUMBER IDENTIFIER
control field MACL
005 - DATE AND TIME OF LATEST TRANSACTION
control field 20151021101044.0
008 - FIXED-LENGTH DATA ELEMENTS--GENERAL INFORMATION
fixed length control field 151021b xxu||||| |||| 00| 0 eng d
040 ## - CATALOGING SOURCE
Original cataloging agency MACL
Transcribing agency MACL
041 ## - LANGUAGE CODE
Language code of text/sound track or separate title English
082 ## - DEWEY DECIMAL CLASSIFICATION NUMBER
Classification number 954/DAT
100 ## - MAIN ENTRY--PERSONAL NAME
Personal name Datta, Kanailal
9 (RLIN) 16011
245 ## - TITLE STATEMENT
Title India Wrests Her Freedom
Remainder of title 1857 1̜947
Statement of responsibility, etc. Kanailal Datta
260 ## - PUBLICATION, DISTRIBUTION, ETC. (IMPRINT)
Place of publication, distribution, etc. Calcutta
Date of publication, distribution, etc. 2000
Name of publisher, distributor, etc. Best Books,
350 ## - PRICE (NR) (BK AM CF MU VM SE) [OBSOLETE]
Price 150
650 ## - SUBJECT ADDED ENTRY--TOPICAL TERM
Topical term or geographic name as entry element History
9 (RLIN) 16012
942 ## - ADDED ENTRY ELEMENTS (KOHA)
Call number prefix 954
Koha item type Books
Source of classification or shelving scheme
Holdings
Withdrawn status Lost status Source of classification or shelving scheme Damaged status Not for loan Home library Current library Date acquired Cost, normal purchase price Total Checkouts Full call number Barcode Date last seen Date last checked out Uniform Resource Identifier Price effective from Koha item type
          MACL MACL 21/10/2015 150.00 2 954/DAT CRE014267 02/05/2024 06/03/2020 15818 15/04/2015 Books